000 00372nam a2200133Ia 4500
008 151001s9999||||xx |||||||||||||| ||und||
100 _aरवींद्रनाथ टागोर
245 _aइतिहास
250 _a1
260 _bप्रेस्टीज पब्लिकेशन पुणे
260 _c1971
300 _a125
365 _b22
999 _c957860
_d957857